|
|
|
|
| LEADER |
00996nam a2200241 a 4500 |
| 001 |
c000391155 |
| 003 |
CARM |
| 005 |
20120807124537.0 |
| 008 |
120807q197u xnaa 000 0 eng d |
| 019 |
1 |
|
|a 50076160
|5 LACONCORD2021
|
| 035 |
|
|
|a (OCoLC)812551945
|5 LACONCORD2021
|
| 040 |
|
|
|a VCAV
|c VCAV
|
| 100 |
1 |
|
|a University of Sydney.
|b Dept. of Mechanical Engineering.
|
| 245 |
1 |
0 |
|a Elements of torsional oscillation /
|c Department of Mechanical Engineering.
|
| 246 |
3 |
|
|a Torsional oscillation
|
| 260 |
|
|
|a [Sydney :
|b University of Sydney, Dept. of Mechanical Engineering,
|c 197u]?
|
| 300 |
|
|
|a 1v. (various pagings) :
|b ill. ;
|c 36 cm.
|
| 650 |
|
0 |
|a Mechanical engineering.
|
| 852 |
8 |
|
|b CARM
|p 0581834
|f BK
|
| 852 |
8 |
|
|b SCAN
|h A3:AG26D0
|i F08307
|p 0581834
|f BK
|
| 999 |
f |
f |
|i 2def30fa-3389-5b4e-ac17-a276ff098475
|s 979c51c4-4e26-5682-be1f-62aecb7cbbf2
|
| 952 |
f |
f |
|p Can circulate
|a CAVAL
|b CAVAL
|c CAVAL
|d CARM 1 Store
|i book
|m 0581834
|
| 952 |
f |
f |
|a CAVAL
|b CAVAL
|c CAVAL
|d Unmapped Location
|e F08307
|f A3:AG26D0
|h Other scheme
|